| 000 | 00593nam a22001937a 4500 | ||
|---|---|---|---|
| 999 |
_c169730 _d169730 |
||
| 005 | 20191202120604.0 | ||
| 010 | _aUR-10642 | ||
| 020 |
_c300.00 _a9789389358858 |
||
| 035 | _aU-9197 | ||
| 037 |
_bDBAD/PUB _a- |
||
| 082 | _aن | ||
| 100 | _aر ينو بہل | ||
| 245 |
_aنجا ت د ہند ہ _cر ينو بہل |
||
| 246 |
_bNijat Dahinda (Urdu) _aby Renu Behhl |
||
| 260 |
_aDelhi _bEducational Publishing House _c2019 ء |
||
| 270 |
_a3191,Vakil Street, Kucha Pandit,Lal Kuan, _bDelhi _e110006 _k01123216162 _l- |
||
| 300 |
_a268 ص _c22 Cm(Hb) |
||
| 942 |
_2ddc _cUR _hن _mب ہ ل |
||